|
|
|
|
| LEADER |
00000nam a2200000 4500 |
| 008 |
160721b xxua|||| |||| 00| | spa d |
| 090 |
|
|
|a DOC # 123
|
| 110 |
2 |
|
|9 1898
|a Organización de los Estados Iberoamericanos para la Educación, la Ciencia y la Cultura
|
| 245 |
1 |
0 |
|a Programa de cooperación
|
| 260 |
|
|
|a s.l. :
|b OEI,
|c s.f.
|
| 300 |
|
|
|a folletos sin paginar
|
| 505 |
|
|
|t Educación en valores
|
| 505 |
|
|
|t Educación Superior
|
| 505 |
|
|
|t Organización y administración de la educación
|
| 505 |
|
|
|t Calidad de la educación
|
| 505 |
|
|
|t Iberoamérica: unidad cultural en la diversidad
|
| 650 |
1 |
4 |
|9 1
|a EDUCACIÓN
|
| 650 |
1 |
4 |
|9 11
|a CALIDAD DE LA EDUCACIÓN
|
| 650 |
1 |
4 |
|9 1089
|a GESTIÓN EDUCATIVA
|
| 650 |
1 |
4 |
|9 829
|a DIVERSIDAD CULTURAL
|
| 942 |
|
|
|i 004191,004197,004196,004195,004190
|h DOC # 123
|2 z
|c 05
|
| 999 |
|
|
|c 3279
|d 3279
|